Normal view
MARC view
- Heat exchangers
Entry Topical Term
001 - CONTROL NUMBER
- control field: 39522
003 - CONTROL NUMBER IDENTIFIER
- control field: OSt
005 - DATE AND TIME OF LATEST TRANSACTION
- control field: 20160313102831.0
008 - FIXED-LENGTH DATA ELEMENTS
- fixed length control field: 160313|| aca||babn | a|a d
040 ## - CATALOGING SOURCE
- Original cataloging agency: OSt
150 ## - HEADING--TOPICAL TERM
- Topical term or geographic name as entry element: Heat exchangers
550 ## - SEE ALSO FROM TRACING--TOPICAL TERM
- Topical term or geographic name entry element: Chemical engineering
- General subdivision: Equipment and supplies
550 ## - SEE ALSO FROM TRACING--TOPICAL TERM
- Topical term or geographic name entry element: Heat
- General subdivision: Transmission
550 ## - SEE ALSO FROM TRACING--TOPICAL TERM
- Topical term or geographic name entry element: Refrigeration and refrigerating machinery